Disruptive faith, inclusive communities : (Record no. 143058)

MARC details
000 -LEADER
fixed length control field 00688nam a22001937a 4500
005 - DATE AND TIME OF LATEST TRANSACTION
control field 20170802135900.0
010 ## - LCCN (DPL NO)
LC control number ENG-119513
020 ## - INTERNATIONAL STANDARD BOOK NUMBER
Terms of availability 350.00
International Standard Book Number 9788184654936
035 ## - SYSTEM CONTROL NUMBER
System control number EN-103045
037 ## - SOURCE OF ACQUISITION
Source of stock number/acquisition DBAD/PUB
082 ## - DEWEY DECIMAL CLASSIFICATION NUMBER
Classification number 280.8
245 ## - TITLE STATEMENT
Title Disruptive faith, inclusive communities :
Statement of responsibility, etc editors by George Zachariah [and] Vincent Rajkumar
Remainder of title Church and homophobia /
260 ## - PUBLICATION, DISTRIBUTION, ETC. (IMPRINT)
Place of publication, distribution, etc Delhi
Name of publisher, distributor, etc The Indian Society for Promoting Christian Knowlewdge(ISPCK))
Date of publication, distribution, etc 2015
270 ## - ADDRESS
Address 1585,1654 Madarsa Road Kashmere Gate
City Delhi
Postal code 110006
300 ## - PHYSICAL DESCRIPTION
Extent xxxii,282p. :
Dimensions 24cm(pbk)
Other physical details ill
700 ## - ADDED ENTRY--PERSONAL NAME
Personal name Zachariah,George
700 ## - ADDED ENTRY--PERSONAL NAME
Personal name Vincent Rajkumar
942 ## - ADDED ENTRY ELEMENTS (KOHA)
Source of classification or shelving scheme Dewey Decimal Classification
Item type English Books
Call number suffix DIS
Classification part 280.8
Holdings
Withdrawn status Lost status Not for loan Collection code Home library Current library Date acquired Source of acquisition Cost, normal purchase price Full call number Barcode Copy number Cost, replacement price Koha item type
    Not For Loan Non-fiction D.B.Act.Division D.B.Act.Division 02/08/2017 DBAD/PUB 350.00 280.8 DIS EN-103045 1 350.00 English Books

© Delhi Public Library
Hit Counter
free hit counter